000 00960cab a22001935a 4500
001 L140085
008 070904s2007 xxkd f 000 0 eng d
035 _a(Sirsi) u140085
041 0 _aeng
100 1 _aFrench, Nick
245 0 0 _aMarket value and depreciated replacement cost
_bcontradictory or complementary?
260 _c2007
490 0 _aJournal of Property Investment and Finance
_v25(5) 2007, 515-524(10)
520 _aSeeks to inform the debate about valuers reporting the result of a Depreciated Replacement Cost (DRC) valuation as a market value subject to the test of adequate profitability or service potential. Discusses the impact of this change to valuation practice in the UK. Using an Italian case study, shows how the DRC approach can be adopted as an appropriate method (not basis) for calculating market value.
590 _aka
651 4 _aUnited Kingdom
_y
690 _aPROPERTY-PROPERTY APPRAISAL AND VALUATION
942 _n0
999 _c79184
_d79184